00929nam a2200157 a 4500008004100000050002200041100003300063245004000096260003300136350000900169995015500178995015500333999001700488952013300505952013300638120416s1986 ||||||||||||||||| || u aHG 3881.5.I58 Dev aDe Vries, Margaret Gerridsen14aThe IMF in a changing world 1945-85 aWashington, D. C.bIMFc1986 a0.00 aANNEX COLLECTION (Main Library)D0.00e714145FCBU-MAIN LIBRARY (Kitwe)H1I9.50jHG 3881.5.I58 DevM1UAVAILABLEy008032ZAnnex Low-Usage Collection  aANNEX COLLECTION (Main Library)D0.00e712605FCBU-MAIN LIBRARY (Kitwe)H2I9.50jHG 3881.5.I58 DevM2UAVAILABLEy008031ZAnnex Low-Usage Collection  c76410d76410 00102lcc4070a001b001cAnnex Low-Usage Collection d2023-04-25l0oHG 3881.5.I58 Devp008032r2023-04-25t1w2023-04-25y002 00102lcc4070a001b001cAnnex Low-Usage Collection d2023-04-25l0oHG 3881.5.I58 Devp008031r2023-04-25t2w2023-04-25y002